[Event "First Saturday FM-B May 2014"]
[Site "Budapest"]
[Date "2014.05.13"]
[Round "10.1"]
[White "Vasilev, Sergey"]
[Black "Brassoi-Tarnovszki, Aurel"]
[Result "1/2-1/2"]
[WhiteElo "1546"]
[BlackElo "1644"]
[PlyCount "73"]
[EventDate "2014.05.03"]

1. Nf3 d5 2. c4 e6 3. Nc3 Nf6 4. e3 c5 5. b3 Nc6 6. cxd5 exd5 7. Bb2 d4 8. exd4
cxd4 9. Qe2+ Be7 10. Ne4 O-O 11. a3 Re8 12. O-O-O Nxe4 13. Qxe4 Bxa3 14. Qd3
Bxb2+ 15. Kxb2 Be6 16. Qb5 a6 17. Qc5 Rc8 18. b4 b5 19. Bd3 Qd5 20. Qxd5 Bxd5
21. Ka3 Bxf3 22. gxf3 Ne5 23. Be4 Nc4+ 24. Kb3 Nd6 25. d3 Rc3+ 26. Kb2 Kf8 27.
Ra1 f5 28. Rxa6 Nxe4 29. fxe4 fxe4 30. dxe4 Rxe4 31. Rb6 Re2+ 32. Kb1 d3 33.
Rxb5 d2 34. Rd1 Rxf2 35. Kb2 Rd3 36. h4 Rh2 37. h5 1/2-1/2

[Event "First Saturday FM-B May 2014"]
[Site "Budapest"]
[Date "2014.05.13"]
[Round "10.2"]
[White "Koltai, Daniel"]
[Black "Martynov, Petr"]
[Result "1-0"]
[WhiteElo "1626"]
[BlackElo "1697"]
[PlyCount "141"]
[EventDate "2014.05.03"]

1. e4 e6 2. d4 d5 3. e5 c5 4. c3 Qb6 5. Nf3 Nc6 6. a3 c4 7. g3 Bd7 8. Bh3 O-O-O
9. O-O h6 10. Nbd2 Na5 11. Rb1 Kb8 12. Qc2 Qc7 13. b4 cxb3 14. Nxb3 Ba4 15.
Nfd2 Rc8 16. Bb2 Nxb3 17. Nxb3 Qc4 18. Ba1 Rc6 19. Qa2 Rb6 20. Nc1 Qxa2 21.
Nxa2 Bb3 22. Nb4 Bc4 23. Rfc1 a5 24. Nc2 Rxb1 25. Rxb1 Bd3 26. Rc1 Ne7 27. Ne1
Bg6 28. Bb2 Nc8 29. Bf1 Nb6 30. Bb5 Be7 31. Ng2 Rc8 32. Ne3 Ka7 33. f4 Be4 34.
Kf2 g6 35. Ke2 Nc4 36. Nxc4 dxc4 37. Ke3 Bd3 38. Rg1 Rg8 39. Kf2 g5 40. Rc1
gxf4 41. gxf4 Be4 42. Bxc4 Rg2+ 43. Ke3 Rxb2 44. Kxe4 b5 45. Bd3 Bxa3 46. Rg1
b4 47. cxb4 axb4 48. Rg7 Rxh2 49. Rxf7+ Kb6 50. Rf6 b3 51. Rxe6+ Kc7 52. d5 b2
53. d6+ Kc6 54. Kf5 Rd2 55. Be4+ Kc5 56. Rxh6 Rd4 57. Rh1 Kb6 58. Rb1 Kc5 59.
Bh1 Kb6 60. Bf3 Rd3 61. Bh5 Rc3 62. Ke6 Rd3 63. f5 Rh3 64. Be8 Rh6+ 65. f6 Kb7
66. Ke7 Kc8 67. Bd7+ Kb7 68. e6 Bxd6+ 69. Kxd6 Rxf6 70. Rxb2+ Ka6 71. Kc7 1-0

[Event "First Saturday FM-B May 2014"]
[Site "Budapest"]
[Date "2014.05.13"]
[Round "10.3"]
[White "Bacsi, Andras"]
[Black "Szlenka, Attila"]
[Result "0-1"]
[WhiteElo "1794"]
[BlackElo "1799"]
[PlyCount "70"]
[EventDate "2014.05.03"]

1. d4 Nf6 2. c4 d6 3. Nf3 g6 4. g3 Bg7 5. Bg2 O-O 6. O-O Nbd7 7. Nc3 c6 8. e4
Qc7 9. h3 e5 10. Be3 Rd8 11. Qc2 a6 12. dxe5 dxe5 13. c5 Nf8 14. Nd2 Be6 15.
Na4 Nh5 16. Nb6 Rab8 17. Ndc4 Bxc4 18. Nxc4 Ne6 19. Nd6 b5 20. Qd2 Rd7 21. b4
Bf8 22. Rad1 Rbd8 23. Qc3 Bxd6 24. cxd6 Rxd6 25. Rc1 f6 26. Qb3 Kg7 27. Rfd1
Rxd1+ 28. Rxd1 Rxd1+ 29. Qxd1 Qd8 30. Qxd8 Nxd8 31. Bf1 Kf7 32. a4 Ne6 33. axb5
axb5 34. Bd3 g5 35. Kg2 Ke7 0-1